| 000 | 00708nam a2200229 a 4500 | ||
|---|---|---|---|
| 003 | PILC | ||
| 005 | 20150112093427.0 | ||
| 008 | 100719s19uu xx 00 eng d | ||
| 020 | _a0978981265506 | ||
| 050 |
_aHF 5635 _b.W286 2005 |
||
| 082 |
_aASF 657.21 _bW25 2005 |
||
| 100 |
_aWarren, Carl S. _93430 |
||
| 245 |
_aAccounting. _cWarren, Carl S.; Reeve, James M.; Fess, Philip E. |
||
| 250 | _a21st. ed. | ||
| 260 |
_aSingapore : _bThomson Learning Asia, _c2005. |
||
| 300 |
_a479 pages : _billustration ; _c26 cm. |
||
| 500 | _aIncludes bibliographical references and index. | ||
| 650 |
_aAccounting _91134 |
||
| 700 |
_aReeve, James M. _93431 |
||
| 700 |
_aFess, Philip E. _93432 |
||
| 942 |
_2lcc _cBK |
||
| 999 |
_c14221 _d14221 |
||